| 000 | 00443nam a2200169Ia 4500 | ||
|---|---|---|---|
| 008 | 100412t1993 xxu||||| |||| 00| 0 sin d | ||
| 041 | _asin | ||
| 080 |
_aX8S31 _bSEN |
||
| 100 | _aSenevirathna, Jayakody | ||
| 245 | _aඅවපාතය | ||
| 246 | _aAvapathaya ( LIB / 63 / 6 / 26 ) | ||
| 260 |
_bDayawansa Jayakody _aColombo _c1993 |
||
| 300 | _a238p., 16 cm | ||
| 942 | _cBK | ||
| 999 |
_c70833 _d70833 |
||
| 003 | LK-CoDNM | ||
| 040 |
_aLK-CoDNM _dLK-CoDNM _eLK-CoDNM |
||